000 00469nam a2200193Ia 4500
005 20240823013238.0
008 240823s9999||||xx |||||||||||||| ||und||
020 _a81-7224-426-6
041 _aENGLISH
082 _A303.3 P3
100 _a"Hewitt,William W"
245 0 _aPersonal Power : Art of Developing
250 _a1st
260 _c2003
_b"Jaico Pub,M"
_aMumbai
500 _aYES
650 _aPower
_bManagement Studies
942 _cBK
999 _c166691
_d166691